History of Science in India: (Record no. 210667)
[ view plain ]
| 000 -LEADER | |
|---|---|
| fixed length control field | 00764nam a22002297a 4500 |
| 005 - DATE AND TIME OF LATEST TRANSACTION | |
| control field | 20250403173147.0 |
| 010 ## - LCCN (DPL NO) | |
| LC control number | ENG-144405 |
| 020 ## - INTERNATIONAL STANDARD BOOK NUMBER | |
| Terms of availability | 250.00 |
| International Standard Book Number | 9789381325445(Vol-IV) |
| 035 ## - SYSTEM CONTROL NUMBER | |
| System control number | EN-127937 |
| 037 ## - SOURCE OF ACQUISITION | |
| Source of stock number/acquisition | DBAD |
| 082 ## - DEWEY DECIMAL CLASSIFICATION NUMBER | |
| Classification number | 581 |
| 100 ## - MAIN ENTRY--PERSONAL NAME | |
| Personal name | Paria,N.D |
| 245 ## - TITLE STATEMENT | |
| Title | History of Science in India: |
| Remainder of title | Plant Science/ |
| Statement of responsibility, etc | N.D.Paria; Manishi Nath Das [and] Priyadarshan Sen Sharma |
| 250 ## - EDITION STATEMENT | |
| Edition statement | 1st |
| 260 ## - PUBLICATION, DISTRIBUTION, ETC. (IMPRINT) | |
| Place of publication, distribution, etc | Kolkata |
| Name of publisher, distributor, etc | Swami Suparnananda Secretary |
| Date of publication, distribution, etc | 2014 |
| 270 ## - ADDRESS | |
| Address | The Ramakrishna Mission Institute of Culture, Gol Park, |
| City | Kolkata |
| Postal code | 700029 |
| 300 ## - PHYSICAL DESCRIPTION | |
| Extent | xix,424p |
| Dimensions | 24cm. (Hb) |
| 490 ## - SERIES STATEMENT | |
| Series statement | Part-1 |
| Volume number/sequential designation | Vol-IV |
| 700 ## - ADDED ENTRY--PERSONAL NAME | |
| 9 (RLIN) | 80043 |
| Personal name | Das,Manishi Nath |
| 700 ## - ADDED ENTRY--PERSONAL NAME | |
| Personal name | Sharma, priyadarshan Sen |
| 9 (RLIN) | 80124 |
| 942 ## - ADDED ENTRY ELEMENTS (KOHA) | |
| Source of classification or shelving scheme | Dewey Decimal Classification |
| Item type | English Books |
| Classification part | 581 |
| Call number suffix | PAR |
| Edition | 1 |
| Withdrawn status | Lost status | Not for loan | Collection code | Home library | Current library | Date acquired | Cost, normal purchase price | Full call number | Barcode | Copy number | Cost, replacement price | Koha item type |
|---|---|---|---|---|---|---|---|---|---|---|---|---|
| Non-fiction | Ashok Vihar | Ashok Vihar | 02/04/2025 | 250.00 | 581 PAR | EN-127937 | 1 | 250.00 | English Books |
